00289nam a2200133Ia 4500008004100000020001500041041001200056082001100068100001600079245002000095260002500115300000800140650000700148221030s9999 xx 000 0 und d a8120331976 aEnglish a105.23 aA. A. Kumar 0aControl Systems bPHIaNew Delhic2007 a697 aEE